Ekonomika pro 3. ročník středních hotelových škol : studijní obor provoz hotelů a společného stravování /

Hlavní autor: Smetana, František, 1937-2018
Jazyk: Čeština
Vydáno: Praha : Státní pedagogické nakladatelství, 1981
Vydání: 2. vyd.
Edice: Učebnice pro střední školy (Státní pedagogické nakladatelství)
Fyzický popis: 126, [1] s. : il., tiskopisy, formuláře ; 8° + 17 příl.
Knihy
Uloženo v:
LEADER 01219nam a22002772a 4500
001 000432332
003 CZ BrMZK
005 20120628082506.0
007 ta
008 990307s1981 xr ak f cze d
015 |a cnb001070158 
035 |a (OCoLC)39585574 
040 |a ABA001  |b cze  |c ABA001  |d ABA001 
100 1 |a Smetana, František,  |d 1937-2018  |7 jx20050810008  |4 aut 
245 1 0 |a Ekonomika pro 3. ročník středních hotelových škol :  |b studijní obor provoz hotelů a společného stravování /  |c František Smetana 
250 |a 2. vyd. 
260 |a Praha :  |b Státní pedagogické nakladatelství,  |c 1981  |e (Čes. Těšín :  |f tisk 3) 
300 |a 126, [1] s. :  |b il., tiskopisy, formuláře ;  |c 8° +  |e 17 příl. 
490 1 |a Učebnice pro střední školy 
500 |a 1600 výt. 
504 |a Obsahuje bibliografii a bibliografické odkazy 
830 0 |a Učebnice pro střední školy (Státní pedagogické nakladatelství)  |0 s 
910 |a BOA001  |b PK-0085.387-81  |b 2-0803.067-81 
990 |a BK 
996 6 |b 2619427632  |c 2-0803.067-81  |l MZK  |r Sklad / do 1 hodiny  |n 0  |w 000432332  |u 000020  |a 1  |e BOA001  |j MZK50  |s P 
996 7 |b 3119829657  |c PK-0085.387-81  |l MZK  |r Sklad / do 1 hodiny  |n 0  |w 000432332  |u 000010  |a 1  |e BOA001  |j MZK50  |s A